ბათუმის შოთა რუსთაველის სახელმწიფო უნივერსიტეტის ბიბლიოთეკა

The Oxford handbook of personality and social psychology / (ბიბ.ჩანაწერი № 60433)

000 -LEADER
fixed length control field 02502cam a2200445 i 4500
001 - CONTROL NUMBER
control field 20041766
005 - DATE AND TIME OF LATEST TRANSACTION
control field 20230717133812.0
008 - FIXED-LENGTH DATA ELEMENTS--GENERAL INFORMATION
fixed length control field 170929t20192019nyua bf 001 0 eng
010 ## - LIBRARY OF CONGRESS CONTROL NUMBER
LC control number 2017040918
020 ## - INTERNATIONAL STANDARD BOOK NUMBER
International Standard Book Number 9780190224837 X
Qualifying information (jacketed hardcover ;
-- alkaline paper)
020 ## - INTERNATIONAL STANDARD BOOK NUMBER
International Standard Book Number 0190224835
Qualifying information (jacketed hardcover ;
-- alkaline paper)
035 ## - SYSTEM CONTROL NUMBER
System control number (OCoLC)on1005057450
040 ## - CATALOGING SOURCE
Original cataloging agency DLC
Language of cataloging eng
Transcribing agency DLC
Description conventions rda
Modifying agency OCLCF
-- OCLCO
-- OCLCQ
-- YDX
-- OCLCO
-- AU@
-- BDX
-- GSU
-- OCLCQ
-- VMY
-- OCL
-- BBW
-- OCLCQ
-- DLC
042 ## - AUTHENTICATION CODE
Authentication code pcc
050 00 - LIBRARY OF CONGRESS CALL NUMBER
Classification number BF131
Item number .O94 2019
080 ## - UNIVERSAL DECIMAL CLASSIFICATION NUMBER
Universal Decimal Classification number 159.9 The-44
245 04 - TITLE STATEMENT
Title The Oxford handbook of personality and social psychology /
Statement of responsibility, etc. edited by Kay Deaux, Mark Snyder.
246 3# - VARYING FORM OF TITLE
Title proper/short title Personality and social psychology
250 ## - EDITION STATEMENT
Edition statement Second edition.
264 #1 - PRODUCTION, PUBLICATION, DISTRIBUTION, MANUFACTURE, AND COPYRIGHT NOTICE
Place of production, publication, distribution, manufacture New York, NY :
Name of producer, publisher, distributor, manufacturer Oxford University Press,
Date of production, publication, distribution, manufacture, or copyright notice [2019]
264 #4 - PRODUCTION, PUBLICATION, DISTRIBUTION, MANUFACTURE, AND COPYRIGHT NOTICE
Date of production, publication, distribution, manufacture, or copyright notice ©2019
300 ## - PHYSICAL DESCRIPTION
Extent xv, 972 pages :
Other physical details illustrations ;
Dimensions 27 cm
336 ## - CONTENT TYPE
Content type term text
Content type code txt
Source rdacontent
337 ## - MEDIA TYPE
Media type term unmediated
Media type code n
Source rdamedia
338 ## - CARRIER TYPE
Carrier type term volume
Carrier type code nc
Source rdacarrier
490 1# - SERIES STATEMENT
Series statement Oxford library of psychology
520 8# - SUMMARY, ETC.
Summary, etc. The second edition of The Oxford Handbook of Personality and Social Psychology captures the history, current status, and future prospects of personality and social psychology in a single integrated volume, offering a unique and generative agenda for psychology. It is dedicated to the proposition that personality and social psychology are best viewed in conjunction with one another and that the synergy to be gained from considering links between the two fields can do much to move both fields forward and to enrich our understanding of human nature.
650 #0 - SUBJECT ADDED ENTRY--TOPICAL TERM
Topical term or geographic name entry element Psychology
Form subdivision Handbooks, manuals, etc.
9 (RLIN) 19330
650 #0 - SUBJECT ADDED ENTRY--TOPICAL TERM
Topical term or geographic name entry element Social psychology
Form subdivision Handbooks, manuals, etc.
9 (RLIN) 19376
650 #7 - SUBJECT ADDED ENTRY--TOPICAL TERM
Topical term or geographic name entry element Psychology.
Source of heading or term fast
Authority record control number or standard number (OCoLC)fst01081447
9 (RLIN) 19377
650 #7 - SUBJECT ADDED ENTRY--TOPICAL TERM
Topical term or geographic name entry element Social psychology.
Source of heading or term fast
Authority record control number or standard number (OCoLC)fst01122816
9 (RLIN) 19378
653 ## - INDEX TERM--UNCONTROLLED
keyword პიროვნებისა და სოციალური ფსიქოლოგიის ოქსფორდის სახელმძღვანელო
655 #7 - INDEX TERM--GENRE/FORM
Genre/form data or focus term Handbooks and manuals.
Source of term fast
Authority record control number (OCoLC)fst01423877
9 (RLIN) 19379
700 1# - ADDED ENTRY--PERSONAL NAME
Personal name Deaux, Kay,
Relator term editor. რედაქტორი
9 (RLIN) 19380
700 1# - ADDED ENTRY--PERSONAL NAME
Personal name Snyder, Mark,
Relator term editor. რედაქტორი
9 (RLIN) 19381
830 #0 - SERIES ADDED ENTRY--UNIFORM TITLE
Uniform title Oxford library of psychology.
9 (RLIN) 660
906 ## - LOCAL DATA ELEMENT F, LDF (RLIN)
a 7
b cbc
c pccadap
d 2
e epcn
f 20
g y-gencatlg
942 ## - ADDED ENTRY ELEMENTS (KOHA)
Source of classification or shelving scheme
Koha item type წიგნი
ეგზემპლარები
Withdrawn status Lost status Source of classification or shelving scheme Damaged status Not for loan Permanent Location Current Location Shelving location Date acquired Cost, normal purchase price Full call number Barcode Date last seen Copy number Price effective from Koha item type Public note
          ბათუმის შოთა რუსთაველის სახელმწიფო უნივერსიტეტის მთავარი ბიბლიოთეკა ბათუმის შოთა რუსთაველის სახელმწიფო უნივერსიტეტის მთავარი ბიბლიოთეკა წიგნსაცავი 2023-07-17 693.00 159.9 The-44 64976 2023-07-17 64976 2023-07-17 წიგნი 693.00